000 00608nam a2200289Ia 4500
001 861
008 191123s9999 xx 000 0 und d
020 _a9509981753
041 _aspa
044 _aag
100 _aYau, John,
245 0 _aMiguel Ríos.
260 _aBuenos Aires :
_bDer Brucke,
_c1992.
300 _a51 p.
504 _aBibliografía pp. 51
650 _aARGENTINA
650 _aPINTURAS
650 _aRIOS, MIGUEL,
902 _aM
903 _am
904 _am
907 _aImpreso
911 _aláminas color
912 _a1992
942 _cLIBRO
999 _c656
_d656